000 00820nam a2200241Ia 4500
003 OSt
005 20220923213639.0
006 a|||||r|||| 00| 0
007 ta
008 220922b |||||||| |||| 00| 0 hin d
024 _a163,768
037 _cTextual
040 _aARTS
_cARTS
_bhin
041 _2hin
_ahin
082 _aO152,1M89,18:g, K9
100 _aमदान, इन्द्रनाथ, संपा.
245 0 _aकामायनी
_b मूल्यांकन और मूल्यांकन
246 _aKāmāyanī: mūlyāankan aur mūlyāankana
260 _c1969
650 _aहिन्दी साहित्य
_9156264
942 _hO152,1M89,18:g, K9
_cTEXL
_2CC
999 _c318248
_d318248